00449nam a22001577a 4500008004100000020001800041040005500059080001900114245003000133260003900163300001400202500001700216650001300233653002100246700002400267230808b |||||||| |||| 00| 0 eng d a0-12-021810-0 aNational Science LibrarycNational Science Library a551.46/.48(05) aAdvances in hydroscience  aNew York: bAcademic Press, c1975 ax, 418p.  aVol. 10 1975 aScience  aWater resources  aChow, Ven Te (Ed.)